00286nam a2200109Ia 4500008004100000082001500041100002200056245004700078260003700125300000600162650000800168191201s2007 xx 000 0 und d a332.6bFIS aFISCHER, Donald E 0aSecurity Analysis and Portfolio Management aN.DelhibPearson Educationc2007 a- aMBA